Top Scorer – Champions League 2015/16 - Statistiques

Statistiques générales
  • Ce quiz a été pris 56 fois
  • Le résultat moyen est 9 sur 15
Statistiques - réponses
Goal Team Player % Correct
16 Real Madrid Cristiano Ronaldo
100%
9 Bayern Munich Lewandowski
100%
6 FC Barcelone Messi
100%
8 FC Barcelone Suarez
96%
7 Atlético Madrid Griezmann
93%
8 Bayern Munich Muller
93%
4 Real Madrid Benzema
83%
5 Paris Saint-Germain Ibrahimovic
81%
4 Zénit Saint Petersbourg Hulk
44%
5 Arsenal Giroud
43%
5 Chelsea Willian
20%
6 Zénit Saint Petersbourg Dzyuba
11%
5 Bayer Leverkusen Chicharito
2%
4 Benfica Lisbonne Gaitan
2%
4 Bayer Leverkusen Mehmedi
0%
Aucun quiz correspondant
Distribution des résultats
% des personnes avec chaque résultat
Percentile par nombre de réponses
Votre historique - résultats
Vous n’avez pas pris ce quiz